[Event "World Chess Olympiad 2018"]
[Site "Batumi"]
[Date "2018.09.26"]
[Round "3"]
[Board "4"]
[WhiteFideId "7300239"]
[White "Lorenzana Wilson Estuardo"]
[BlackFideId "6504779"]
[Black "Jimenez Garcia Emmanuel"]
[Result "0-1"]
[LiveChessVersion "1.4.8"]
[BlackElo "2290"]
[WhiteElo "2292"]

1. e4 {[%clk 1:30:28]} g6 {[%clk 1:30:55]} 2. d4 {[%clk 1:30:39]} Bg7
{[%clk 1:31:21]} 3. Nc3 {[%clk 1:30:43]} c6 {[%clk 1:31:47]} 4. h3
{[%clk 1:31:04]} d6 {[%clk 1:31:02]} 5. Nf3 {[%clk 1:27:48]} Nf6 {[%clk 1:30:38]}
6. Be3 {[%clk 1:27:47]} O-O {[%clk 1:28:04]} 7. Qd2 {[%clk 1:28:05]} b5
{[%clk 1:26:24]} 8. a3 {[%clk 1:25:53]} Nbd7 {[%clk 1:21:19]} 9. Bd3
{[%clk 1:23:39]} Qc7 {[%clk 1:18:31]} 10. Bh6 {[%clk 1:23:30]} e5
{[%clk 1:13:48]} 11. O-O {[%clk 1:15:38]} a6 {[%clk 1:05:28]} 12. Bxg7
{[%clk 1:08:26]} Kxg7 {[%clk 1:05:53]} 13. dxe5 {[%clk 1:08:35]} dxe5
{[%clk 1:06:14]} 14. Ne2 {[%clk 1:08:52]} Re8 {[%clk 0:58:25]} 15. Ng3
{[%clk 1:08:44]} Nc5 {[%clk 0:46:05]} 16. Qc3 {[%clk 1:02:48]} Na4
{[%clk 0:45:58]} 17. Qd2 {[%clk 1:01:26]} Nxb2 {[%clk 0:45:08]} 18. Nh4
{[%clk 1:01:52]} Ng8 {[%clk 0:34:40]} 19. f4 {[%clk 1:00:30]} Qe7
{[%clk 0:31:56]} 20. Nf3 {[%clk 0:58:01]} f6 {[%clk 0:28:37]} 21. fxe5
{[%clk 0:44:38]} fxe5 {[%clk 0:29:01]} 22. Rfb1 {[%clk 0:32:52]} Na4
{[%clk 0:28:57]} 23. Kh2 {[%clk 0:31:56]} Bd7 {[%clk 0:26:07]} 24. c4
{[%clk 0:32:06]} Rad8 {[%clk 0:23:02]} 25. cxb5 {[%clk 0:30:01]} axb5
{[%clk 0:21:42]} 26. Qe3 {[%clk 0:30:01]} Rb8 {[%clk 0:15:34]} 27. Bc2
{[%clk 0:29:51]} Nb6 {[%clk 0:14:50]} 28. Qc3 {[%clk 0:26:55]} c5
{[%clk 0:14:01]} 29. Bb3 {[%clk 0:25:38]} Nf6 {[%clk 0:12:59]} 30. Rd1
{[%clk 0:25:01]} c4 {[%clk 0:11:17]} 31. Bc2 {[%clk 0:25:15]} Ra8
{[%clk 0:10:32]} 32. Qe3 {[%clk 0:25:35]} Ra6 {[%clk 0:10:43]} 33. Qc3
{[%clk 0:21:30]} Bc6 {[%clk 0:08:17]} 34. Rdb1 {[%clk 0:20:26]} Na4
{[%clk 0:05:38]} 35. Qe3 {[%clk 0:19:07]} h6 {[%clk 0:06:00]} 36. Nd2
{[%clk 0:15:59]} Qc5 {[%clk 0:05:13]} 37. Qe1 {[%clk 0:11:02]} Nb6
{[%clk 0:03:31]} 38. Nf3 {[%clk 0:08:04]} Rxa3 {[%clk 0:02:19]} 39. Rxa3
{[%clk 0:08:29]} Qxa3 {[%clk 0:02:45]} 40. Nh4 {[%clk 0:38:55]} Bd7
{[%clk 0:30:59]} 41. Qf2 {[%clk 0:37:46]} Nc8 {[%clk 0:22:50]} 42. Rd1
{[%clk 0:37:36]} Be6 {[%clk 0:19:16]} 43. Rd5 {[%clk 0:36:11]} Qf8
{[%clk 0:16:22]} 44. Rd2 {[%clk 0:33:39]} c3 {[%clk 0:14:30]} 45. Re2
{[%clk 0:34:04]} b4 {[%clk 0:14:11]} 46. Qe3 {[%clk 0:23:05]} b3 {[%clk 0:12:09]}
47. Bxb3 {[%clk 0:23:31]} Bxb3 {[%clk 0:12:31]} 48. Qxc3 {[%clk 0:23:57]} Bg8
{[%clk 0:10:37]} 49. Qe3 {[%clk 0:22:31]} Nd6 {[%clk 0:09:03]} 50. Rf2
{[%clk 0:22:16]} Qe7 {[%clk 0:09:11]} 51. Nf3 {[%clk 0:15:41]} Bh7
{[%clk 0:09:04]} 52. Nd2 {[%clk 0:15:00]} g5 {[%clk 0:07:25]} 53. Re2
{[%clk 0:13:36]} Bg6 {[%clk 0:07:33]} 54. Re1 {[%clk 0:13:25]} Nh5
{[%clk 0:06:10]} 55. Ngf1 {[%clk 0:11:53]} Qf7 {[%clk 0:05:44]} 56. g3
{[%clk 0:12:17]} Nf6 {[%clk 0:06:03]} 57. Ra1 {[%clk 0:06:09]} Nfxe4
{[%clk 0:06:16]} 58. Ra7 {[%clk 0:06:34]} Re7 {[%clk 0:06:40]} 59. Rxe7
{[%clk 0:06:48]} Qxe7 {[%clk 0:07:09]} 60. Nf3 {[%clk 0:07:10]} Nc4
{[%clk 0:06:43]} 61. Qe2 {[%clk 0:07:27]} Ned6 {[%clk 0:06:54]} 62. Ne1
{[%clk 0:07:16]} e4 {[%clk 0:07:05]} 63. Ng2 {[%clk 0:07:37]} Qf6
{[%clk 0:07:08]} 64. h4 {[%clk 0:07:37]} Qf3 {[%clk 0:06:37]} 65. Qe1
{[%clk 0:08:02]} Ne5 {[%clk 0:05:41]} 66. Qa1 {[%clk 0:07:47]} Qf6
{[%clk 0:05:59]} 67. Qa7+ {[%clk 0:07:20]} Ndf7 {[%clk 0:06:15]} 68. Nfe3
{[%clk 0:06:03]} Nf3+ {[%clk 0:06:23]} 69. Kh1 {[%clk 0:05:54]} Qe6
{[%clk 0:06:42]} 70. g4 {[%clk 0:06:04]} Qe5 {[%clk 0:04:24]} 71. Nf1
{[%clk 0:06:29]} gxh4 {[%clk 0:04:36]} 72. Nge3 {[%clk 0:06:27]} N3g5
{[%clk 0:04:08]} 73. Qa2 {[%clk 0:05:52]} Qf6 {[%clk 0:04:15]} 74. Qe2
{[%clk 0:05:43]} Qf3+ {[%clk 0:04:18]} 75. Qg2 {[%clk 0:05:33]} Kf6
{[%clk 0:03:19]} 76. Kh2 {[%clk 0:03:13]} Qxg2+ {[%clk 0:03:07]} 77. Kxg2
{[%clk 0:03:14]} Ke5 {[%clk 0:03:12]} 78. Kf2 {[%clk 0:03:09]} Nh3+
{[%clk 0:03:16]} 79. Kg2 {[%clk 0:03:30]} Nf4+ {[%clk 0:03:41]} 80. Kh2
{[%clk 0:03:56]} Kd4 {[%clk 0:04:02]} 81. Kg1 {[%clk 0:03:40]} Ng5
{[%clk 0:03:49]} 82. Kf2 {[%clk 0:03:54]} Kd3 {[%clk 0:03:58]} 83. Nd1
{[%clk 0:03:28]} Nd5 {[%clk 0:03:08]} 84. Nb2+ {[%clk 0:03:45]} Kd4
{[%clk 0:03:21]} 85. Nd1 {[%clk 0:03:34]} h3 {[%clk 0:03:42]} 0-1

[Event "World Chess Olympiad 2018"]
[Site "Batumi"]
[Date "2018.09.26"]
[Round "3"]
[Board "1"]
[WhiteFideId "13002783"]
[White "Wynn Zaw Htun"]
[BlackFideId "7700768"]
[Black "Johnson Joshua"]
[Result "1-0"]
[LiveChessVersion "1.4.8"]
[BlackElo "2261"]
[WhiteElo "2473"]

1. Nf3 {[%clk 1:30:49]} Nf6 {[%clk 1:30:53]} 2. g3 {[%clk 1:31:04]} g6
{[%clk 1:31:21]} 3. Bg2 {[%clk 1:31:17]} Bg7 {[%clk 1:31:46]} 4. d3
{[%clk 1:31:22]} c5 {[%clk 1:30:49]} 5. e4 {[%clk 1:31:25]} Nc6 {[%clk 1:31:13]}
6. O-O {[%clk 1:31:43]} O-O {[%clk 1:30:49]} 7. Re1 {[%clk 1:31:46]} d6
{[%clk 1:30:56]} 8. c3 {[%clk 1:31:43]} e5 {[%clk 1:29:12]} 9. a3
{[%clk 1:30:26]} a5 {[%clk 1:26:08]} 10. a4 {[%clk 1:29:59]} h6 {[%clk 1:24:03]}
11. h3 {[%clk 1:26:35]} Be6 {[%clk 1:20:47]} 12. Be3 {[%clk 1:26:31]} b6
{[%clk 1:12:25]} 13. d4 {[%clk 1:25:09]} cxd4 {[%clk 1:05:56]} 14. cxd4
{[%clk 1:25:28]} d5 {[%clk 1:05:43]} 15. Nxe5 {[%clk 1:14:06]} Nxe5
{[%clk 1:04:36]} 16. dxe5 {[%clk 1:13:24]} Nxe4 {[%clk 1:04:57]} 17. Bd4
{[%clk 1:12:47]} Qb8 {[%clk 0:55:52]} 18. Nc3 {[%clk 1:06:21]} Bxe5
{[%clk 0:49:56]} 19. Nxe4 {[%clk 0:43:09]} dxe4 {[%clk 0:39:50]} 20. Rxe4
{[%clk 0:40:40]} Bxd4 {[%clk 0:39:06]} 21. Qxd4 {[%clk 0:40:39]} Ra7
{[%clk 0:28:59]} 22. Qf6 {[%clk 0:35:42]} Bd5 {[%clk 0:25:51]} 23. Rh4
{[%clk 0:32:17]} Qd8 {[%clk 0:24:39]} 24. Qe5 {[%clk 0:32:35]} Bxg2
{[%clk 0:23:38]} 25. Rxh6 {[%clk 0:30:22]} f6 {[%clk 0:23:48]} 26. Rxg6+
{[%clk 0:30:46]} Kf7 {[%clk 0:24:15]} 27. Qh5 {[%clk 0:30:21]} Rh8
{[%clk 0:19:48]} 28. Rh6+ {[%clk 0:30:16]} Kg7 {[%clk 0:20:14]} 29. Qg6+
{[%clk 0:30:37]} 1-0

[Event "World Chess Olympiad 2018"]
[Site "Batumi"]
[Date "2018.09.26"]
[Round "3"]
[Board "2"]
[WhiteFideId "7700512"]
[White "Cupid Kevin"]
[BlackFideId "13000110"]
[Black "Nay Oo Kyaw Tun"]
[Result "1/2-1/2"]
[LiveChessVersion "1.4.8"]
[BlackElo "2389"]
[WhiteElo "2124"]

1. d4 {[%clk 1:30:56]} d5 {[%clk 1:30:51]} 2. c4 {[%clk 1:31:26]} c6
{[%clk 1:31:11]} 3. cxd5 {[%clk 1:31:54]} cxd5 {[%clk 1:31:31]} 4. Bf4
{[%clk 1:32:24]} Nc6 {[%clk 1:31:23]} 5. Nc3 {[%clk 1:32:48]} Nf6
{[%clk 1:31:28]} 6. e3 {[%clk 1:33:17]} a6 {[%clk 1:31:19]} 7. Rc1
{[%clk 1:33:41]} e6 {[%clk 1:30:15]} 8. Bd3 {[%clk 1:32:07]} Be7 {[%clk 1:30:14]}
9. Nf3 {[%clk 1:32:16]} O-O {[%clk 1:27:28]} 10. O-O {[%clk 1:32:39]} Bd7
{[%clk 1:26:22]} 11. Ne5 {[%clk 1:30:08]} Rc8 {[%clk 1:21:46]} 12. h3
{[%clk 1:17:19]} b5 {[%clk 1:14:30]} 13. Qe2 {[%clk 1:14:31]} Nxe5
{[%clk 1:06:13]} 14. dxe5 {[%clk 1:07:31]} Ne8 {[%clk 1:06:23]} 15. Nb1
{[%clk 1:07:59]} g6 {[%clk 1:04:08]} 16. Nd2 {[%clk 1:07:53]} Ng7
{[%clk 1:02:37]} 17. Nf3 {[%clk 1:07:39]} Qa5 {[%clk 0:43:35]} 18. Ra1
{[%clk 0:55:02]} Qc7 {[%clk 0:36:48]} 19. Rfd1 {[%clk 0:50:26]} Qb8
{[%clk 0:36:10]} 20. g4 {[%clk 0:29:26]} a5 {[%clk 0:29:28]} 21. h4
{[%clk 0:25:00]} h5 {[%clk 0:25:00]} 22. g5 {[%clk 0:19:12]} b4 {[%clk 0:24:48]}
23. Nd4 {[%clk 0:19:24]} Qb6 {[%clk 0:23:14]} 24. Rac1 {[%clk 0:18:44]} Ba4
{[%clk 0:20:30]} 25. Re1 {[%clk 0:18:57]} Rfd8 {[%clk 0:20:17]} 26. Qd2
{[%clk 0:12:31]} Bd7 {[%clk 0:16:26]} 27. Rxc8 {[%clk 0:12:09]} Rxc8
{[%clk 0:16:50]} 28. Rc1 {[%clk 0:12:30]} Rc5 {[%clk 0:14:18]} 29. Bg3
{[%clk 0:11:30]} a4 {[%clk 0:13:53]} 30. Rd1 {[%clk 0:08:12]} Rc8
{[%clk 0:13:15]} 31. f4 {[%clk 0:07:14]} Bc5 {[%clk 0:08:41]} 32. Bf2
{[%clk 0:07:43]} Rc7 {[%clk 0:08:31]} 33. Rc1 {[%clk 0:05:14]} Be7
{[%clk 0:05:39]} 34. Rxc7 {[%clk 0:01:33]} Qxc7 {[%clk 0:06:07]} 35. Qc2 1/2-1/2

[Event "World Chess Olympiad 2018"]
[Site "Batumi"]
[Date "2018.09.26"]
[Round "3"]
[Board "3"]
[WhiteFideId "13001248"]
[White "Khin Than"]
[BlackFideId "7700156"]
[Black "Harper Ryan"]
[Result "1/2-1/2"]
[LiveChessVersion "1.4.8"]
[BlackElo "2226"]
[WhiteElo "2200"]

1. d4 {[%clk 1:30:55]} Nf6 {[%clk 1:30:49]} 2. Nf3 {[%clk 1:31:22]} e6
{[%clk 1:31:01]} 3. e3 {[%clk 1:31:45]} b6 {[%clk 1:31:02]} 4. Bd3
{[%clk 1:32:12]} Bb7 {[%clk 1:31:21]} 5. Nbd2 {[%clk 1:32:39]} d5
{[%clk 1:28:35]} 6. O-O {[%clk 1:31:45]} Bd6 {[%clk 1:28:05]} 7. Ne5
{[%clk 1:30:39]} Bxe5 {[%clk 1:03:09]} 8. dxe5 {[%clk 1:30:59]} Nfd7
{[%clk 1:03:34]} 9. f4 {[%clk 1:29:30]} Nc5 {[%clk 0:50:49]} 10. Nf3
{[%clk 1:19:42]} Nxd3 {[%clk 0:43:28]} 11. cxd3 {[%clk 1:19:37]} Nc6
{[%clk 0:41:57]} 12. Bd2 {[%clk 1:17:20]} Qd7 {[%clk 0:40:28]} 13. b4
{[%clk 1:15:25]} Ne7 {[%clk 0:36:20]} 14. Qb3 {[%clk 1:10:42]} a6
{[%clk 0:25:42]} 15. Rfc1 {[%clk 1:09:35]} O-O {[%clk 0:22:31]} 16. a4
{[%clk 1:04:40]} Rfc8 {[%clk 0:17:25]} 17. Rc2 {[%clk 0:45:27]} c5
{[%clk 0:15:23]} 18. bxc5 {[%clk 0:43:31]} bxc5 {[%clk 0:15:45]} 19. Qa3
{[%clk 0:31:59]} c4 {[%clk 0:10:40]} 20. Nd4 {[%clk 0:26:45]} Nc6
{[%clk 0:09:41]} 21. Bb4 {[%clk 0:25:21]} cxd3 {[%clk 0:07:12]} 22. Rd2
{[%clk 0:20:38]} a5 {[%clk 0:03:08]} 23. Bc3 {[%clk 0:17:58]} Nxd4
{[%clk 0:03:36]} 24. exd4 {[%clk 0:17:54]} Qc7 {[%clk 0:04:01]} 25. Rxd3
{[%clk 0:18:15]} Ba6 {[%clk 0:02:08]} 26. Rf3 {[%clk 0:18:41]} Be2
{[%clk 0:02:18]} 27. Rg3 {[%clk 0:18:46]} Bh5 {[%clk 0:02:18]} 28. Rc1
{[%clk 0:15:49]} Bg6 {[%clk 0:02:09]} 29. Bd2 {[%clk 0:15:57]} Qb6
{[%clk 0:02:23]} 30. Rc5 {[%clk 0:15:06]} Qb1+ {[%clk 0:01:39]} 31. Qc1
{[%clk 0:15:16]} Qxc1+ {[%clk 0:01:47]} 32. Bxc1 {[%clk 0:15:26]} Bc2
{[%clk 0:01:39]} 33. Rgc3 {[%clk 0:14:53]} Rxc5 {[%clk 0:01:50]} 34. Rxc5
{[%clk 0:15:21]} Bxa4 {[%clk 0:02:09]} 35. Bd2 {[%clk 0:15:44]} Bd1
{[%clk 0:01:18]} 36. Rxa5 {[%clk 0:15:30]} Rb8 {[%clk 0:01:24]} 37. f5
{[%clk 0:12:36]} Bc2 {[%clk 0:01:03]} 38. f6 {[%clk 0:09:56]} gxf6
{[%clk 0:01:29]} 39. exf6 {[%clk 0:10:17]} h5 {[%clk 0:01:40]} 40. Ra2
{[%clk 0:40:38]} Be4 {[%clk 0:31:44]} 41. Bf4 {[%clk 0:40:52]} Rb1+
{[%clk 0:29:42]} 42. Kf2 {[%clk 0:40:47]} Kh7 {[%clk 0:27:07]} 43. Be5
{[%clk 0:39:17]} Kg6 {[%clk 0:25:50]} 44. Kg3 {[%clk 0:38:54]} Kg5
{[%clk 0:23:59]} 45. h4+ {[%clk 0:38:50]} Kg6 {[%clk 0:14:56]} 46. Ra8
{[%clk 0:34:17]} Kh7 {[%clk 0:15:06]} 47. Ra2 {[%clk 0:34:37]} Kg6
{[%clk 0:12:40]} 48. Ra8 {[%clk 0:35:00]} Kh7 {[%clk 0:13:02]} 49. Ra2
{[%clk 0:35:24]} 1/2-1/2

[Event "World Chess Olympiad 2018"]
[Site "Batumi"]
[Date "2018.09.26"]
[Round "3"]
[Board "4"]
[WhiteFideId "7700750"]
[White "Winter Atwell Adrian"]
[BlackFideId "13003100"]
[Black "Win Tun"]
[Result "1/2-1/2"]
[LiveChessVersion "1.4.8"]
[BlackElo "2235"]
[WhiteElo "2221"]

1. e4 {[%clk 1:30:41]} e5 {[%clk 1:30:50]} 2. Nf3 {[%clk 1:30:39]} Nf6
{[%clk 1:31:12]} 3. Nxe5 {[%clk 1:30:47]} d6 {[%clk 1:31:36]} 4. Nf3
{[%clk 1:31:10]} Nxe4 {[%clk 1:32:00]} 5. c4 {[%clk 1:31:07]} Be7
{[%clk 1:23:32]} 6. Nc3 {[%clk 1:31:11]} Nxc3 {[%clk 1:19:50]} 7. dxc3
{[%clk 1:31:19]} O-O {[%clk 1:19:36]} 8. Bd3 {[%clk 1:30:24]} Nc6
{[%clk 1:17:15]} 9. Qc2 {[%clk 1:29:03]} h6 {[%clk 1:11:09]} 10. Be3
{[%clk 1:27:05]} Be6 {[%clk 0:49:58]} 11. O-O-O {[%clk 1:26:19]} Qc8
{[%clk 0:49:33]} 12. h3 {[%clk 1:24:42]} f5 {[%clk 0:43:05]} 13. Nd4
{[%clk 1:17:08]} Ne5 {[%clk 0:30:46]} 14. Nxe6 {[%clk 1:14:28]} Qxe6
{[%clk 0:25:38]} 15. Rhe1 {[%clk 1:13:11]} Qf7 {[%clk 0:23:30]} 16. f4
{[%clk 1:00:43]} Nxd3+ {[%clk 0:20:56]} 17. Qxd3 {[%clk 1:00:36]} Bh4
{[%clk 0:20:37]} 18. g3 {[%clk 1:00:05]} Bxg3 {[%clk 0:18:40]} 19. Rg1
{[%clk 1:00:26]} Bh4 {[%clk 0:18:32]} 20. Rg2 {[%clk 0:58:42]} Kh7
{[%clk 0:12:52]} 21. Rdg1 {[%clk 0:53:39]} Rg8 {[%clk 0:12:17]} 22. Bd4
{[%clk 0:47:40]} g6 {[%clk 0:12:16]} 23. Qf3 {[%clk 0:43:34]} c5 {[%clk 0:10:44]}
24. Be3 {[%clk 0:41:24]} Rae8 {[%clk 0:05:39]} 25. Rd1 {[%clk 0:39:59]} Re4
{[%clk 0:05:36]} 26. Rxd6 {[%clk 0:39:33]} Qxc4 {[%clk 0:04:19]} 27. Rgd2
{[%clk 0:34:48]} Rge8 {[%clk 0:03:24]} 28. Qg2 {[%clk 0:32:20]} R8e6
{[%clk 0:01:32]} 29. Rxe6 {[%clk 0:32:17]} Rxe6 {[%clk 0:00:55]} 30. Qxb7+
{[%clk 0:30:38]} Re7 {[%clk 0:00:55]} 31. Rd7 {[%clk 0:29:58]} Qe6
{[%clk 0:00:45]} 32. Rxe7+ {[%clk 0:29:29]} Qxe7 {[%clk 0:01:13]} 33. Qxe7+
{[%clk 0:28:53]} Bxe7 {[%clk 0:01:42]} 34. Kd2 {[%clk 0:28:51]} g5
{[%clk 0:02:08]} 35. Kd3 {[%clk 0:28:48]} Kg6 {[%clk 0:02:00]} 36. b4
{[%clk 0:28:55]} cxb4 {[%clk 0:02:18]} 37. c4 {[%clk 0:29:24]} a5
{[%clk 0:02:19]} 38. Bb6 {[%clk 0:29:01]} a4 {[%clk 0:01:43]} 39. c5
{[%clk 0:28:56]} Kf7 {[%clk 0:00:54]} 40. fxg5 {[%clk 0:58:44]} Bxg5
{[%clk 0:30:40]} 41. Ba5 {[%clk 0:58:44]} b3 {[%clk 0:30:48]} 42. axb3
{[%clk 0:59:05]} axb3 {[%clk 0:30:42]} 43. c6 {[%clk 0:58:41]} Ke6
{[%clk 0:30:24]} 44. Kc3 {[%clk 0:58:43]} f4 {[%clk 0:29:29]} 45. Kxb3
{[%clk 0:58:30]} f3 {[%clk 0:26:19]} 46. Bb6 {[%clk 0:55:06]} Bd8
{[%clk 0:25:58]} 47. Bf2 {[%clk 0:54:53]} Kd5 {[%clk 0:26:19]} 48. Kc3
{[%clk 0:54:54]} Ke4 {[%clk 0:26:26]} 49. Kd2 {[%clk 0:54:50]} Ba5+
{[%clk 0:26:36]} 50. Kc2 {[%clk 0:54:32]} h5 {[%clk 0:26:13]} 51. h4
{[%clk 0:53:54]} Bc7 {[%clk 0:23:49]} 52. Kc3 {[%clk 0:53:06]} Bf4
{[%clk 0:14:41]} 53. Kc2 {[%clk 0:52:31]} Be5 {[%clk 0:12:55]} 54. Kd2
{[%clk 0:52:20]} Bc7 {[%clk 0:12:18]} 55. Kc3 {[%clk 0:50:48]} Bd8
{[%clk 0:11:28]} 56. Kd2 {[%clk 0:50:54]} Ba5+ {[%clk 0:04:40]} 57. Kc2
{[%clk 0:51:14]} 1/2-1/2

[Event "World Chess Olympiad 2018"]
[Site "Batumi"]
[Date "2018.09.26"]
[Round "3"]
[Board "1"]
[WhiteFideId "806404"]
[White "Efimov Igor"]
[BlackFideId "9300244"]
[Black "Omar Noaman"]
[Result "1-0"]
[LiveChessVersion "1.4.8"]
[BlackElo "2356"]
[WhiteElo "2421"]

1. Nf3 {[%clk 1:30:04]} d5 {[%clk 1:30:26]} 2. d4 {[%clk 1:29:59]} Nf6
{[%clk 1:30:44]} 3. c4 {[%clk 1:30:10]} e6 {[%clk 1:31:00]} 4. Nc3
{[%clk 1:28:52]} a6 {[%clk 1:31:21]} 5. cxd5 {[%clk 1:28:30]} exd5
{[%clk 1:31:47]} 6. Bg5 {[%clk 1:26:20]} Be6 {[%clk 1:31:44]} 7. e3
{[%clk 1:25:57]} h6 {[%clk 1:31:58]} 8. Bh4 {[%clk 1:26:20]} Nbd7
{[%clk 1:32:07]} 9. Bd3 {[%clk 1:26:36]} Bd6 {[%clk 1:30:46]} 10. O-O
{[%clk 1:22:11]} O-O {[%clk 1:30:16]} 11. Rc1 {[%clk 1:21:23]} c6
{[%clk 1:30:32]} 12. Nd2 {[%clk 1:18:05]} g5 {[%clk 1:16:13]} 13. Bg3
{[%clk 1:12:10]} Bxg3 {[%clk 1:16:02]} 14. hxg3 {[%clk 1:12:15]} c5
{[%clk 1:12:14]} 15. dxc5 {[%clk 1:10:16]} Nxc5 {[%clk 1:12:41]} 16. Bb1
{[%clk 1:01:59]} Qb6 {[%clk 0:43:39]} 17. b3 {[%clk 0:56:31]} Rac8
{[%clk 0:43:29]} 18. Nf3 {[%clk 0:42:50]} Nce4 {[%clk 0:41:30]} 19. Bxe4
{[%clk 0:38:15]} dxe4 {[%clk 0:40:50]} 20. Nd4 {[%clk 0:36:23]} Rfd8
{[%clk 0:29:08]} 21. Qe2 {[%clk 0:33:16]} Qd6 {[%clk 0:26:12]} 22. Qb2
{[%clk 0:30:50]} Bd7 {[%clk 0:25:40]} 23. Rc2 {[%clk 0:26:44]} Qe5
{[%clk 0:24:00]} 24. Rfc1 {[%clk 0:26:16]} h5 {[%clk 0:23:46]} 25. Na4
{[%clk 0:20:31]} Rxc2 {[%clk 0:19:05]} 26. Rxc2 {[%clk 0:16:30]} Bxa4
{[%clk 0:10:40]} 27. bxa4 {[%clk 0:15:53]} h4 {[%clk 0:06:35]} 28. Qb6
{[%clk 0:14:41]} Rd7 {[%clk 0:04:49]} 29. Rc5 {[%clk 0:14:10]} Nd5
{[%clk 0:03:18]} 30. Qh6 {[%clk 0:13:32]} Rc7 {[%clk 0:02:56]} 31. Rxc7
{[%clk 0:13:46]} Nxc7 {[%clk 0:03:24]} 32. gxh4 {[%clk 0:14:01]} gxh4
{[%clk 0:03:38]} 33. Qxh4 {[%clk 0:14:21]} Ne6 {[%clk 0:03:22]} 34. Qe7
{[%clk 0:14:06]} Qd5 {[%clk 0:03:15]} 35. Nxe6 {[%clk 0:11:10]} fxe6
{[%clk 0:03:40]} 36. a3 {[%clk 0:11:25]} Qd1+ {[%clk 0:00:53]} 37. Kh2
{[%clk 0:11:48]} Qh5+ {[%clk 0:01:12]} 38. Kg3 {[%clk 0:12:13]} Qe5+
{[%clk 0:01:32]} 39. Kh3 {[%clk 0:10:33]} Qf5+ {[%clk 0:01:59]} 40. g4
{[%clk 0:40:42]} Qf3+ {[%clk 0:32:12]} 41. Kh4 {[%clk 0:41:07]} Qxf2+
{[%clk 0:31:54]} 42. Kh5 {[%clk 0:38:01]} Qf3 {[%clk 0:25:25]} 43. Qxe6+
{[%clk 0:36:49]} Kg7 {[%clk 0:25:30]} 44. Qe7+ {[%clk 0:36:46]} Kg8
{[%clk 0:25:52]} 45. a5 {[%clk 0:34:32]} 1-0

[Event "World Chess Olympiad 2018"]
[Site "Batumi"]
[Date "2018.09.26"]
[Round "3"]
[Board "2"]
[WhiteFideId "9301143"]
[White "Sultan Ibrahim"]
[BlackFideId "14500205"]
[Black "Sulava Nenad"]
[Result "0-1"]
[LiveChessVersion "1.4.8"]
[BlackElo "2437"]
[WhiteElo "2112"]

1. d4 {[%clk 1:30:52]} e6 {[%clk 1:30:50]} 2. c4 {[%clk 1:31:01]} b6
{[%clk 1:31:13]} 3. Nf3 {[%clk 1:31:21]} Bb7 {[%clk 1:31:36]} 4. g3
{[%clk 1:30:53]} Bb4+ {[%clk 1:31:57]} 5. Bd2 {[%clk 1:30:56]} Bxf3
{[%clk 1:32:18]} 6. exf3 {[%clk 1:31:08]} Bxd2+ {[%clk 1:32:42]} 7. Qxd2
{[%clk 1:29:53]} Nf6 {[%clk 1:33:05]} 8. Nc3 {[%clk 1:30:06]} O-O
{[%clk 1:33:20]} 9. Bg2 {[%clk 1:12:15]} c6 {[%clk 1:33:37]} 10. O-O
{[%clk 1:10:44]} d5 {[%clk 1:34:01]} 11. b3 {[%clk 1:09:44]} Nbd7
{[%clk 1:33:09]} 12. Rfd1 {[%clk 1:09:32]} a6 {[%clk 1:30:10]} 13. Rac1
{[%clk 1:08:22]} g6 {[%clk 1:23:58]} 14. Bf1 {[%clk 1:05:36]} Qe7
{[%clk 1:15:50]} 15. Qb2 {[%clk 0:56:57]} Rfc8 {[%clk 1:09:01]} 16. a3
{[%clk 0:40:39]} Kg7 {[%clk 0:50:16]} 17. b4 {[%clk 0:38:19]} dxc4
{[%clk 0:42:27]} 18. Bxc4 {[%clk 0:38:41]} Nd5 {[%clk 0:42:18]} 19. Re1
{[%clk 0:26:36]} Qf6 {[%clk 0:38:02]} 20. Nxd5 {[%clk 0:13:22]} cxd5
{[%clk 0:35:51]} 21. Be2 {[%clk 0:12:59]} b5 {[%clk 0:31:07]} 22. Kg2
{[%clk 0:12:57]} Nb6 {[%clk 0:31:19]} 23. Rc5 {[%clk 0:13:04]} Na4
{[%clk 0:31:15]} 24. Rxc8 {[%clk 0:12:13]} Nxb2 {[%clk 0:28:11]} 25. Rxa8
{[%clk 0:12:38]} Qxd4 {[%clk 0:28:34]} 26. Rc8 {[%clk 0:09:30]} Nc4
{[%clk 0:26:25]} 27. Bxc4 {[%clk 0:06:53]} bxc4 {[%clk 0:26:45]} 28. Rc6
{[%clk 0:06:54]} Qd2 {[%clk 0:25:44]} 29. Re3 {[%clk 0:05:18]} d4
{[%clk 0:25:29]} 30. Re4 {[%clk 0:05:43]} c3 {[%clk 0:25:31]} 31. Rc4
{[%clk 0:06:09]} c2 {[%clk 0:21:50]} 32. Rcxd4 {[%clk 0:05:49]} Qxd4
{[%clk 0:21:43]} 33. Rxd4 {[%clk 0:06:13]} c1=Q {[%clk 0:22:06]} 34. Rd3
{[%clk 0:06:41]} Qc4 {[%clk 0:22:14]} 35. Re3 {[%clk 0:07:05]} g5
{[%clk 0:22:12]} 36. Kg1 {[%clk 0:06:23]} f5 {[%clk 0:22:25]} 37. Kg2
{[%clk 0:06:32]} Kf6 {[%clk 0:22:43]} 38. h3 {[%clk 0:04:35]} h5 {[%clk 0:23:06]}
39. Kg1 {[%clk 0:03:28]} h4 {[%clk 0:22:21]} 40. gxh4 {[%clk 0:32:06]} Qxh4
{[%clk 0:52:24]} 41. Kg2 {[%clk 0:32:23]} Qc4 {[%clk 0:52:45]} 42. Re1
{[%clk 0:31:58]} Qc3 {[%clk 0:47:22]} 43. Re3 {[%clk 0:31:34]} Qd2
{[%clk 0:47:46]} 44. Rb3 {[%clk 0:30:16]} Qa2 {[%clk 0:47:15]} 45. Re3
{[%clk 0:25:15]} Ke7 {[%clk 0:47:35]} 46. Rc3 {[%clk 0:24:36]} Kd6
{[%clk 0:47:56]} 47. Re3 {[%clk 0:23:14]} Kd5 {[%clk 0:48:15]} 48. Kg1
{[%clk 0:22:59]} Kd4 {[%clk 0:48:10]} 49. Kg2 {[%clk 0:23:23]} e5
{[%clk 0:48:09]} 50. Kg1 {[%clk 0:22:09]} f4 {[%clk 0:47:46]} 0-1

[Event "World Chess Olympiad 2018"]
[Site "Batumi"]
[Date "2018.09.26"]
[Round "3"]
[Board "3"]
[WhiteFideId "623830"]
[White "Nelis Jean-Francois"]
[BlackFideId "9308733"]
[Black "Al Hosani Omran"]
[Result "0-1"]
[LiveChessVersion "1.4.8"]
[BlackElo "2115"]
[WhiteElo "2154"]

1. d4 {[%clk 1:30:52]} Nf6 {[%clk 1:30:49]} 2. Bg5 {[%clk 1:31:14]} Ne4
{[%clk 1:31:10]} 3. Bf4 {[%clk 1:31:30]} d5 {[%clk 1:31:32]} 4. Nd2
{[%clk 1:31:04]} g5 {[%clk 1:08:14]} 5. Be5 {[%clk 1:12:58]} f6 {[%clk 1:08:25]}
6. Bg3 {[%clk 1:13:12]} Nxg3 {[%clk 1:08:45]} 7. hxg3 {[%clk 1:13:34]} Bf5
{[%clk 1:07:07]} 8. e3 {[%clk 1:12:57]} e5 {[%clk 1:01:23]} 9. Be2
{[%clk 1:08:00]} Bg7 {[%clk 1:01:04]} 10. Bh5+ {[%clk 1:06:31]} Ke7
{[%clk 0:38:36]} 11. Ngf3 {[%clk 0:50:45]} e4 {[%clk 0:38:32]} 12. Ng1
{[%clk 0:50:45]} Qd6 {[%clk 0:36:12]} 13. Ne2 {[%clk 0:50:09]} Nd7
{[%clk 0:35:20]} 14. a3 {[%clk 0:46:57]} b5 {[%clk 0:35:37]} 15. c3
{[%clk 0:43:31]} Be6 {[%clk 0:33:35]} 16. g4 {[%clk 0:42:39]} c5 {[%clk 0:26:01]}
17. O-O {[%clk 0:33:56]} f5 {[%clk 0:24:52]} 18. gxf5 {[%clk 0:34:04]} Bxf5
{[%clk 0:25:09]} 19. Ng3 {[%clk 0:29:53]} Be6 {[%clk 0:24:30]} 20. Ngxe4
{[%clk 0:24:43]} dxe4 {[%clk 0:24:31]} 21. Nxe4 {[%clk 0:25:11]} Qd5
{[%clk 0:23:47]} 22. dxc5 {[%clk 0:18:47]} Qxe4 {[%clk 0:21:29]} 23. Qd6+
{[%clk 0:17:09]} Kf6 {[%clk 0:20:30]} 24. f4 {[%clk 0:16:16]} Bf8
{[%clk 0:20:17]} 25. fxg5+ {[%clk 0:12:50]} Kg7 {[%clk 0:18:19]} 26. Qd4+
{[%clk 0:04:20]} Qe5 {[%clk 0:18:11]} 27. c6 {[%clk 0:03:28]} Bc5
{[%clk 0:18:15]} 0-1